000 00311nam a22001457a 4500
008 221130b ||||| |||| 00| 0 eng d
020 _a9780805359473
041 _aeng
080 _a611
082 _a611MAR
100 _a10
101 _aANAT
245 _aANATOMY & PHYSIOLOGY
_cMARTINI
942 _2udc
_cBK
999 _c59041
_d59041